Feminism: A Philosophical Study (Record no. 43127)

MARC details
000 -LEADER
fixed length control field 00485nam a2200193Ia 4500
008 - FIXED-LENGTH DATA ELEMENTS--GENERAL INFORMATION
fixed length control field 220531s9999 xx 000 0 und d
041 ## - LANGUAGE CODE
Language code of text/sound track or separate title eng
082 ## - DEWEY DECIMAL CLASSIFICATION NUMBER
Item number FEM / JAM
100 ## - MAIN ENTRY--PERSONAL NAME
Personal name Jampala, Jyothy
9 (RLIN) 77766
245 ## - TITLE STATEMENT
Title Feminism: A Philosophical Study
250 ## - EDITION STATEMENT
Edition statement 1ST
260 ## - PUBLICATION, DISTRIBUTION, ETC. (IMPRINT)
Place of publication, distribution, etc. New Delhi
Name of publisher, distributor, etc. Serials
Date of publication, distribution, etc. 2014
300 ## - PHYSICAL DESCRIPTION
Extent 204
542 ## - INFORMATION RELATING TO COPYRIGHT STATUS
Copyright holder 16-03-2017
551 ## -
-- English
-- Non-grant-ENG
650 ## - SUBJECT ADDED ENTRY--TOPICAL TERM
Topical term or geographic name as entry element English
9 (RLIN) 77767
906 ## - LOCAL DATA ELEMENT F, LDF (RLIN)
d 2016-2017
f 10638
Holdings
Withdrawn status Lost status Source of classification or shelving scheme Damaged status Not for loan Collection code Home library Current library Date acquired Vendor Cost, normal purchase price Total Checkouts Total Holds Full call number Barcode Date last seen Cost, replacement price Bill Date Koha item type Original Barcode
    Dewey Decimal Classification       Shri Siddhivinayak Mahila Mahavidyalaya Shri Siddhivinayak Mahila Mahavidyalaya 28/03/2017 Sagar 995.00   1 /FEM/JAM/B/21540 SSMM-BK-21540 06/08/2022 995.00 06/08/2022 Books 010021540